| 000 | 00687nam a22001937a 4500 | ||
|---|---|---|---|
| 005 | 20100501142050.0 | ||
| 008 | 080613t xxu||||| |||| 00| 0 eng d | ||
| 020 |
_a9788188965553 _c225.00 |
||
| 037 | _bPUB | ||
| 040 |
_aDPL _bEN |
||
| 100 | _aVandana shiva | ||
| 245 |
_aSoil not oil: _cby Vandana Shiva _bclimate change, peak oil, and food insecurity / |
||
| 260 |
_aNew Delhi _bWomen Unlimited _c2009 |
||
| 270 |
_aK-36, Hauz Khas Enclave, Ground Floor _bNew Delhi _e110016 |
||
| 300 |
_a156p. . _c23 cm (pbk) |
||
| 500 | _aWinner of the right Livehood Award 1993 | ||
| 942 |
_cEN _2ddc _mVAN |
||
| 999 |
_c35588 _d35588 |
||